| 000 | 00426nam a2200181Ia 4500 | ||
|---|---|---|---|
| 008 | 151018s9999 xx 000 0 und d | ||
| 082 |
_bRBASDV64314 _a824 |
||
| 100 | _aS. K. Kulkarni | ||
| 245 | _aArt of ageing | ||
| 250 | _b1 | ||
| 260 |
_bIndus soure Book _c2013 |
||
| 300 | _a296 | ||
| 600 | _aS. K. Kulkarni | ||
| 630 | _aArt of ageing | ||
| 700 | _aS. K. Kulkarni | ||
| 730 | _aArt of ageing | ||
| 942 | _cBOOK | ||
| 999 |
_c1056654 _d1056651 |
||